Statistics for Monarchs Of England - Guess The Year

Click here to take the quiz!

General Stats

  • This quiz has been taken 29 times
  • The average score is 12 of 15

Answer Stats

QuestionAnswer% Correct
1972Elizabeth II
100%
1070William I
96%
1666Charles II
92%
1914George V
92%
1900Victoria
92%
1555Mary I
88%
1705Anne
85%
1800George III
85%
1535Henry VIII
85%
1190Richard I
81%
1720George I
77%
1275Edward I
69%
1835William IV
69%
1465Edward IV
65%
1120Henry I
58%

Score Distribution

Percentile by Number Answered

Percent of People with Each Score

Your Score History

You have not taken this quiz